[Event "WYg16"]
[Site "Halkidiki GRE"]
[Date "2003.10.25"]
[Round "3"]
[White "Olsen,M"]
[Black "Choisy,M"]
[Result "1/2-1/2"]
[WhiteElo "1966"]
[BlackElo "2110"]

1.e4 c5 2.Nf3 Nc6 3.Bb5 g6 4.O-O Bg7 5.Re1 e6 6.e5 Nge7 7.c3 d6 8.d4 O-O
9.Bg5 Qc7 10.Bf4 dxe5 11.Nxe5 Nxe5 12.dxe5 Rd8 13.Nd2 a6 14.Bf1 b5 15.a4 Rb8
16.axb5 axb5 17.Qc2 Nc6 18.Bg5 Rd5 19.f4 h6 20.Bh4 g5 21.fxg5 hxg5 22.Bxg5 Bxe5
23.Nf3 Bxh2+ 24.Nxh2 Rxg5 25.Nf3 Rg7 26.Qf2 Ne7 27.Re5 Nd5 28.Qh4 f6 29.Rh5 Nf4
30.Rh6 Bb7 31.Kf2 c4 32.Qxf6 Rf8 33.Rh8+ Kxh8 34.Qxf8+ Kh7 35.Qf6 Qc5+ 36.Qd4 Qf5
37.Re1 Nxg2 38.Bd3 cxd3 39.Rh1+ Kg8 40.Qd8+ Kf7 41.Qc7+ Kg6 42.Qg3+ Kf7 43.Qc7+ Kg6
44.Qg3+ Kf7  1/2-1/2

[Event "WYb18"]
[Site "Halkidiki GRE"]
[Date "2003.10.25"]
[Round "3"]
[White "Babujian,L"]
[Black "Kurnosov,I"]
[Result "1/2-1/2"]
[WhiteElo "2373"]
[BlackElo "2527"]

1.e4 c5 2.Nf3 Nc6 3.Bb5 e6 4.Bxc6 bxc6 5.d3 Qc7 6.Nc3 d6 7.b3 Nf6 8.O-O Be7
9.h3 O-O 10.Nh2 e5 11.f4 exf4 12.Bxf4 Be6 13.Qe2 Nd7 14.Rae1 Bh4 15.Rb1 Bf6
16.Nd1 Bd4+ 17.Kh1 f5 18.Nf3 fxe4 19.Ng5 Rae8 20.dxe4 Be5 21.Bxe5 Rxf1+ 22.Qxf1 Nxe5
23.Ne3 Bc8 24.Nc4 Ba6 25.Qf5 g6 26.Qf4 Bxc4 27.bxc4 Qe7 28.Rf1 Nxc4 29.Qh4 Ne5
30.Qh6 Qg7 31.Qh4 h6 32.Nf3 Rf8 33.Qg3 Kh7 34.Rd1 Nc4 35.e5 dxe5 36.Qh4 Ne3
37.Re1 Nf5 38.Qc4 e4 39.Nd2 Qd4 40.Qxd4 cxd4 41.Nxe4 Rb8 42.c3 Rb2 43.cxd4 Rxa2
44.Rc1 Nxd4 45.Rc4 Nf5 46.Rxc6 h5 47.Ng5+ Kg7 48.Ne6+ Kf7 49.Ng5+ Kg7 50.Ne6+ Kh6
51.Nf4 Nh4 52.Kh2 Kg5 53.Ne6+ Kf5 54.Ng7+ Ke5 55.Kg3 Nf5+ 56.Nxf5 Kxf5 57.Rc5+ Kf6
58.Rc6+ Kf5 59.Rc5+ Kf6 60.Rc6+ Kf5  1/2-1/2

[Event "WYg18"]
[Site "Halkidiki GRE"]
[Date "2003.10.25"]
[Round "3"]
[White "Kagramanov,D"]
[Black "Raeva,E"]
[Result "1-0"]
[WhiteElo "2071"]
[BlackElo "2174"]

1.e4 c5 2.Nf3 Nc6 3.Bb5 g6 4.O-O Bg7 5.c3 e5 6.d4 exd4 7.cxd4 Nxd4 8.Nxd4 Bxd4
9.Nc3 Ne7 10.Bh6 a6 11.Bc4 b5 12.Bd5 Nxd5 13.exd5 d6 14.Re1+ Kd7 15.Qf3 Qf6
16.Qg3 Be5 17.Ne4 Qf5 18.Nxc5+ Kd8 19.Qe3 Qh5 20.Bf4 Re8 21.Nd3 Rb8 22.Bxe5 dxe5
23.Nxe5 Rxe5 24.Qxe5 Qxe5 25.Rxe5 f6 26.Re3 Rb6 27.Rae1 Bd7 28.b4 Rd6 29.Rd1 Bc6
30.Red3 Bb7 31.Kf1 f5 32.f4 Ke7 33.Kf2 Kf6 34.Ke3 h6 35.h4 Ba8 36.Rc3 Rxd5
37.Rxd5 Bxd5 38.g3 Bxa2 39.Rc6+ Kf7 40.Rxa6 Bc4 41.Kd4 Be2 42.Ke5 g5 43.hxg5 hxg5
44.fxg5 Bd3 45.Rf6+  1-0

[Event "3rd Rohde Open"]
[Site "Sautron FRA"]
[Date "2003.10.25"]
[Round "1"]
[White "Morice,L"]
[Black "Koziak,V"]
[Result "0-1"]
[WhiteElo "2093"]
[BlackElo "2460"]

1.e4 c5 2.Nf3 Nc6 3.Bb5 g6 4.c3 Nf6 5.e5 Nd5 6.O-O Bg7 7.Re1 O-O 8.d4 cxd4
9.cxd4 d6 10.Nc3 Nxc3 11.bxc3 Bg4 12.exd6 exd6 13.h3 Bf5 14.Bg5 Qc7 15.Qd2 a6
16.Ba4 Na5 17.Re7 Qc4 18.Bd7 Bxd7 19.Rxd7 Qc6 20.Re7 Rac8 21.Qe2 Qd5 22.Re1 Rxc3
23.Bd2 Rc2 24.Re8 Nc4 25.Rxf8+ Bxf8 26.Qd3 Rxa2 27.Bc1 f6 28.Qb3 Ra1 29.Qc3 Rb1
30.Qc2 Rb6 31.Qe2 Qf7 32.h4 d5 33.g3 Rc6 34.Kg2 b5 35.Nh2 b4 36.Ng4 b3 37.Bh6 f5
38.Bxf8 fxg4 39.Bh6 Qf3+ 40.Qxf3 gxf3+ 41.Kxf3 b2  0-1

[Event "3rd Rohde Open"]
[Site "Sautron FRA"]
[Date "2003.10.25"]
[Round "1"]
[White "Maze,S"]
[Black "Gouanelle,F"]
[Result "1-0"]
[WhiteElo "2464"]
[BlackElo "2094"]

1.e4 c5 2.Nf3 Nc6 3.Bb5 g6 4.Bxc6 dxc6 5.d3 Bg4 6.h3 Bxf3 7.Qxf3 e5 8.Nc3 Bg7
9.Be3 b6 10.O-O-O Nf6 11.Kb1 Qe7 12.Qe2 Nd7 13.Qd2 O-O-O 14.Bh6 f6 15.Bxg7 Qxg7
16.f4 Nf8 17.Qf2 Nd7 18.Rdf1 Rdf8 19.Ne2 Kb7 20.Qe3 Rf7 21.Rhg1 Rhf8 22.g4 h6
23.h4 a5 24.Ng3 Ka7 25.h5 g5 26.fxg5 fxg5 27.Rf5 Rf6 28.Rgf1 Qe7 29.Qe2 Qd6
30.R1f3 R8f7 31.Qf2 Kb8 32.Kc1 Kc8 33.c3 Qe6 34.b3 Kd8 35.Kd1 Ke8 36.Ke1 Kf8
37.Kf1 Kg8 38.Kg2 Kh7 39.Kh2 Kg8 40.d4 cxd4 41.cxd4 Kg7 42.Qd2 Kh7 43.d5 Qd6
44.Qc2 c5 45.a4 Kg8 46.Rxf6 Rxf6 47.Nf5 Qf8 48.Qc4 Kh7 49.Kg2 Qd8 50.Qf1 Rf8
51.Qa6 Rf6 52.Qb7 Kg8 53.Kg3 Kh7 54.Rf2 Kg8 55.Ne3 Rf4 56.Nf5 Kh7 57.Qc6 Nf6
58.Rxf4 gxf4+ 59.Kf3 Qf8 60.Qc7+  1-0

[Event "300 Years"]
[Site "St Petersburg RUS"]
[Date "2003.10.25"]
[Round "8"]
[White "Novikov,Ma"]
[Black "Aseev,K"]
[Result "1/2-1/2"]
[WhiteElo "2430"]
[BlackElo "2535"]

1.e4 c5 2.Nf3 Nc6 3.Bb5 d6 4.O-O Bd7 5.Re1 Nf6 6.c3 a6 7.Bf1 Bg4 8.h3 Bh5
9.d3 e5 10.Nbd2 Be7 11.Nc4 O-O 12.g4 Bg6 13.Bg2 h6 14.Nh4 b5 15.Ne3 Nh7 16.Nhf5 Bg5
17.Nd5 Bxc1 18.Rxc1 Ng5 19.d4 Ne6 20.dxe5 dxe5 21.Rc2 Ra7 22.Rd2 Qb8 23.Nde3 Rd8
24.Rxd8+ Ncxd8 25.Qd5 Nf4 26.Qd2 Nde6 27.Rd1 f6 28.Nd5 Kh7 29.h4 Bf7 30.Nfe3 Kh8
31.Nxf4 Nxf4 32.Qd8+ Qxd8 33.Rxd8+ Kh7 34.Nd5 Be6 35.Bf3 Rd7 36.Nxf4 exf4
37.Ra8 Rd6 38.h5 g5 39.Ra7+ Kg8 40.a3 Bb3 41.Rc7 c4 42.e5 fxe5 43.Be4 Bd1
44.f3 Be2 45.Kf2 Bd3 46.Rc6 Rxc6 47.Bxc6 Bc2 48.Bb7 a5 49.Bc6 Ba4 50.Ke2 Kf8
51.Ke1 Ke7 52.Kd2 Kd6 53.Be8 Kc5 54.Bd7 Bb3 55.Be8 b4 56.Bd7 bxa3 57.bxa3 Kd5
58.Bf5 Ba4 59.Ke2 Bc6 60.Bg6 Kc5 61.Bc2 Kb5 62.Kf2 Bd5 63.Ke2 Be6 64.Kd2 e4
65.a4+ Kc5 66.Bxe4  1/2-1/2

[Event "WYb14"]
[Site "Halkidiki GRE"]
[Date "2003.10.26"]
[Round "4"]
[White "Wang Hao"]
[Black "Howell,D"]
[Result "1-0"]
[WhiteElo "2215"]
[BlackElo "2381"]

1.e4 c5 2.Nf3 Nc6 3.Bb5 Na5 4.Be2 a6 5.c3 e6 6.O-O Nf6 7.e5 Nd5 8.d4 cxd4
9.Qxd4 Nc6 10.Qe4 f5 11.exf6 Nxf6 12.Qc2 Be7 13.c4 O-O 14.Nc3 Qc7 15.h3 b6
16.Be3 Rb8 17.Rad1 Ne5 18.Nxe5 Qxe5 19.Bf3 b5 20.Ba7 bxc4 21.Rfe1 Qc7 22.Bxb8 Qxb8
23.Rd4 Qc7 24.Qe2 Bc5 25.Rxc4 d5 26.Rxc5 Qxc5 27.Qe5 Qb6 28.b3 Bd7 29.Ne2 Qb8
30.Qd4 Qd6 31.Nf4 Re8 32.Nd3 Rc8 33.g4 Be8 34.Nf4 Bf7 35.g5 Nd7 36.Nxe6 Bxe6
37.Rxe6 Rc1+ 38.Kg2 Qf8 39.Qxd5 Rc5 40.Qxd7 Rxg5+ 41.Kf1 Rf5 42.Re8 Rxf3
43.Rxf8+ Rxf8 44.Qe6+  1-0

[Event "WYg16"]
[Site "Halkidiki GRE"]
[Date "2003.10.27"]
[Round "5"]
[White "Olsen,M"]
[Black "Vega Gutierrez,S"]
[Result "0-1"]
[WhiteElo "1966"]
[BlackElo "2228"]

1.e4 c5 2.Nf3 Nc6 3.Bb5 e6 4.Bxc6 bxc6 5.O-O Ne7 6.b3 Ng6 7.Bb2 f6 8.d3 Be7
9.Nbd2 O-O 10.Re1 e5 11.Nf1 d6 12.Qd2 f5 13.exf5 Bxf5 14.Ne3 Be6 15.Rf1 Qe8
16.Rae1 Rxf3 17.gxf3 Nh4 18.Qe2 Qh5 19.Ng4 Rf8 20.h3 Nxf3+ 21.Kg2  0-1

[Event "WYg16"]
[Site "Halkidiki GRE"]
[Date "2003.10.27"]
[Round "5"]
[White "Tilenbaeva,J"]
[Black "Kirillova,V"]
[Result "1-0"]
[WhiteElo "2099"]
[BlackElo "2142"]

1.e4 c5 2.Nf3 Nc6 3.Bb5 d6 4.c3 Bd7 5.O-O a6 6.Ba4 g6 7.d4 b5 8.Bc2 c4 9.b3 cxb3
10.axb3 Bg7 11.Bb2 Nf6 12.d5 Nb8 13.c4 O-O 14.e5 Ng4 15.Re1 bxc4 16.bxc4 e6
17.Na3 exd5 18.cxd5 dxe5 19.Nc4 Bb5 20.Ncxe5 Nf6 21.Ba3 Re8 22.d6 Ra7 23.Bb3 Nc6
24.d7 Rxe5 25.Nxe5 Nxe5 26.Rxe5 Rxd7 27.Qe1 Rd3 28.Rd1 Bf8 29.Rxd3 Qxd3 30.Re3 Qd7
31.Bxf8 Kxf8 32.Qb4+ Kg8 33.Re7 Nd5 34.Rxd7 Nxb4 35.Rxf7 Kh8 36.f4 Nc6 37.g4 Nd4
38.Bd5 Bd3 39.g5 h5 40.gxh6 a5 41.Kf2 Nf5 42.h7 a4 43.Ra7 Bc2 44.Bg8 Nd4
45.Ra8 Kg7 46.h8=Q+ Kxh8 47.Bb3+ Kg7 48.Bxc2 Nxc2 49.Rxa4  1-0

[Event "WYb16"]
[Site "Halkidiki GRE"]
[Date "2003.10.27"]
[Round "5"]
[White "Jones,G"]
[Black "Srebrnic,M"]
[Result "1-0"]
[WhiteElo "2364"]
[BlackElo "2224"]

1.e4 c5 2.Nf3 Nc6 3.Bb5 g6 4.Bxc6 dxc6 5.h3 Bg7 6.d3 e5 7.Be3 Qe7 8.Nbd2 Nf6
9.Nc4 Nd7 10.a4 b6 11.Qd2 O-O 12.g4 Rd8 13.Bh6 Ba6 14.Bxg7 Kxg7 15.Ne3 c4
16.dxc4 Nc5 17.Qc3 f6 18.g5 Nxe4 19.gxf6+ Qxf6 20.Qxe5 Qxe5 21.Nxe5 Rf8 22.O-O Rae8
23.Nxc6 Nxf2 24.Rxf2 Rxe3 25.Rxf8 Kxf8 26.Nxa7 Bxc4 27.Nc8 Re6 28.Rd1 Ba6
29.Na7 Ke7 30.b4 Bb7 31.Nb5 Re2 32.Rd6 Rg2+ 33.Kf1 Rxc2 34.Rxb6 Bg2+ 35.Ke1 Bxh3
36.a5 Bg2 37.a6 g5 38.Nd4 Ra2 39.b5 h5 40.Nf5+ Kf7 41.Rh6 h4 42.a7 h3 43.b6 Rb2
44.Ne3 Be4 45.Nc4 Rb1+ 46.Kf2 Kg7 47.Rxh3 Kg6 48.Re3 Bd5 49.Re5 Rh1 50.Re1 Rxe1
51.Kxe1  1-0

[Event "18th Open"]
[Site "Le Touquet FRA"]
[Date "2003.10.27"]
[Round "2"]
[White "Belkhodja,S"]
[Black "Weemaes,R"]
[Result "0-1"]
[WhiteElo "2439"]
[BlackElo "2291"]

1.e4 c5 2.Nf3 Nc6 3.Bb5 Nf6 4.e5 Nd5 5.Nc3 Nc7 6.Bxc6 dxc6 7.d3 g6 8.Be3 Ne6
9.O-O Bg7 10.Re1 b6 11.Ne2 a5 12.Qd2 h6 13.Rad1 Nc7 14.h3 Nd5 15.Nf4 Nxf4
16.Bxf4 Be6 17.c4 g5 18.Be3 Qc7 19.d4 Bxc4 20.dxc5 b5 21.Nd4 e6 22.b3 Bd5
23.f4 gxf4 24.Bxf4 O-O-O 25.Qe3 Rdg8 26.Ne2 Bf8 27.Rxd5 exd5 28.e6 Qa7 29.Rc1 Bg7
30.e7 Re8 31.Bd6 Bf6 32.Nd4 Qd7 33.Re1 Rhg8 34.Kh1 Rg6 35.a4 b4 36.Qd3 Bxd4
37.Qxd4 Re6 38.Rf1 R8xe7 39.Bxe7 Qxe7 40.Kh2 Qc7+ 41.Kg1 Qe7 42.Kh2 f6 43.Rf3 Qc7+
44.Rg3 h5 45.h4 Re4 46.Qxf6 Rg4 47.Qf2 d4 48.Kh3 Rxg3+ 49.Qxg3 Qd7+ 50.Kh2 d3
51.Qf3 d2 52.Qd1 Qd4  0-1

[Event "18th Open"]
[Site "Le Touquet FRA"]
[Date "2003.10.27"]
[Round "2"]
[White "Kveinys,A"]
[Black "Csiszar,C"]
[Result "1-0"]
[WhiteElo "2495"]
[BlackElo "2398"]

1.e4 c5 2.Nf3 Nc6 3.Bb5 e6 4.Bxc6 bxc6 5.d3 Ne7 6.Qe2 Ng6 7.h4 h5 8.e5 Be7
9.Qe4 Nf8 10.Na3 f6 11.Bf4 fxe5 12.Bxe5 Rg8 13.O-O-O d6 14.Bc3 Bd7 15.Rde1 Qb8
16.Qf4 Nh7 17.Nc4 g5 18.hxg5 Rxg5 19.Kb1 Rf5 20.Qh6 Nf6 21.Ng5 e5 22.Ba5 Rxg5
23.Qxg5 Be6 24.f4 e4  1-0

[Event "3rd Rohde Open"]
[Site "Sautron FRA"]
[Date "2003.10.27"]
[Round "3"]
[White "Le Gallo,F"]
[Black "Mohandesi,S"]
[Result "0-1"]
[WhiteElo "2059"]
[BlackElo "2329"]

1.e4 c5 2.Nf3 Nc6 3.Bb5 d6 4.c3 Bd7 5.O-O a6 6.Ba4 Nf6 7.d4 Nxe4 8.Re1 d5
9.Nbd2 Nxd2 10.Bxd2 e6 11.Bc2 cxd4 12.cxd4 Be7 13.Rc1 O-O 14.Bb1 Rc8 15.a3 Bf6
16.Bc3 g6 17.g3 Bg7 18.h4 Bh6 19.Bd2 Bxd2 20.Qxd2 Qf6 21.Kg2 h5 22.Rcd1 Kg7
23.Re3 Rfd8 24.Ng5 Ne7 25.Rf3 Nf5 26.Qf4 Be8 27.b3 Rc6 28.Kh3 Rdc8 29.Qd2 Qe7
30.b4 f6 31.Bxf5 gxf5 32.Re1 fxg5 33.Rxf5 g4+ 34.Kg2 Bg6 35.Rxd5 Qf7 36.Rg5 Rf8
37.d5 exd5 38.Rxd5 Rc2 39.Qd4+ Kg8 40.Rf1 Qf3+ 41.Kg1 Qe4 42.Qxe4 Bxe4 43.Rxh5 Rf5
44.Rxf5 Bxf5 45.Re1 Rc4 46.Re5 Be4 47.Kf1 Bf3 48.Re1 Kf7 49.Ra1 Ke6 50.Rb1 Kd5
51.b5 a5 52.Ke1 Rc2 53.Ra1 a4 54.Rb1 Re2+ 55.Kf1 Ra2 56.h5 Ke6 57.Rb4 Ra1+  0-1

[Event "3rd Rohde Open"]
[Site "Sautron FRA"]
[Date "2003.10.28"]
[Round "4"]
[White "Nevednichy,V"]
[Black "Wirig,A"]
[Result "1-0"]
[WhiteElo "2575"]
[BlackElo "2424"]

1.e4 c5 2.Nf3 Nc6 3.Bb5 g6 4.Bxc6 bxc6 5.O-O Bg7 6.c3 Nh6 7.d4 Qb6 8.h3 O-O
9.Re1 d6 10.Qa4 Bd7 11.Nbd2 cxd4 12.cxd4 Rad8 13.Nc4 Qb7 14.Qc2 f6 15.b3 Qb5
16.Bb2 Qh5 17.Ncd2 g5 18.Nf1 f5 19.Ng3 Qg6 20.exf5 Nxf5 21.Nxf5 Bxf5 22.Qxc6 Rc8
23.Qd5+ e6 24.Qxd6 Rc2 25.Ba3 Bxh3 26.gxh3 g4 27.Ne5 Qf5 28.Nxg4 h6 29.Qxe6+ Qxe6
30.Rxe6 Rf7 31.Nxh6+ Bxh6 32.Rxh6 Rfxf2 33.Bd6 Rfd2 34.Be5 Kf7 35.Rf1+ Ke7
36.Rh5 Rxa2 37.Rg5 Ke6 38.h4  1-0

[Event "Curacao Open"]
[Site "Willemstad AHO"]
[Date "2003.10.28"]
[Round "4"]
[White "Sanchez Castillo,S"]
[Black "Haag,M"]
[Result "1/2-1/2"]
[WhiteElo "2187"]
[BlackElo "2324"]

1.e4 c5 2.Nf3 Nc6 3.Bb5 g6 4.O-O Bg7 5.c3 Nf6 6.Re1 O-O 7.h3 d5 8.e5 Ne8
9.d4 Qb6 10.Bxc6 bxc6 11.dxc5 Qxc5 12.Nbd2 Nc7 13.Nb3 Qc4 14.Qd4 a5 15.Qb6 Ne6
16.Nxa5 Qa6 17.Qxa6 Rxa6 18.Nb3 Bd7 19.Nfd4 Rfa8 20.Nxe6 Bxe6 21.a3 Bc8 22.Nc5 R6a7
23.f4 e6 24.Be3 Bf8 25.Nd3 Ra4 26.Rad1 Ba6 27.Nf2 Bc4 28.Kh2 Be7 29.Rd2 Rb8
30.Rg1 h5 31.g4 hxg4 32.Nxg4 Kg7 33.Kg3 Bb3 34.Kf3 Rh8 35.Rh1 c5 36.Rhh2 Bc4
37.Nf2 Raa8 38.Nd1 Bb3 39.Bf2 Ra4  1/2-1/2

[Event "WYg16"]
[Site "Halkidiki GRE"]
[Date "2003.10.29"]
[Round "7"]
[White "Rudolf,A"]
[Black "Vinuthna,N"]
[Result "1-0"]
[WhiteElo "2205"]
[BlackElo "2100"]

1.e4 c5 2.Nf3 Nc6 3.Bb5 g6 4.Bxc6 dxc6 5.d3 Bg7 6.h3 e5 7.Be3 Qe7 8.Nc3 Nf6
9.Qd2 h6 10.O-O-O Nd7 11.Ng1 Nf8 12.f4 exf4 13.Bxf4 Ne6 14.Be3 b6 15.Nf3 Nd4
16.Ne2 Nxe2+ 17.Qxe2 c4 18.dxc4 Qxe4 19.Rd8+ Kxd8 20.Bg5+ hxg5 21.Qxe4 Bd7
22.Rd1 Rc8 23.Kb1 Re8 24.Qd3 Re7 25.Nxg5 Ke8 26.g4 c5 27.Ne4 Kf8 28.Nc3 Bc6
29.Nd5 Rd7 30.Qf3 Rcd8 31.a3 b5 32.Qe2 bxc4 33.Ne3 Rb8 34.Rxd7 Rxb2+ 35.Kc1 Bxd7
36.Nxc4 Rb8 37.Qd2 Rd8 38.Qd6+ Kg8 39.Qe7 Bh6+ 40.g5 Re8 41.Qxd7 Bxg5+ 42.Kb1 Re7
43.Qc8+ Kg7 44.Qxc5 Bf6 45.Ka2 Rb7 46.Qc6 Rb8 47.Qc7 Rh8 48.Nd6  1-0

[Event "WYb18"]
[Site "Halkidiki GRE"]
[Date "2003.10.29"]
[Round "7"]
[White "Iskakov,A"]
[Black "Gajewski,G"]
[Result "0-1"]
[WhiteElo "2256"]
[BlackElo "2462"]

1.e4 c5 2.Nf3 Nc6 3.Bb5 d6 4.O-O Bd7 5.Re1 a6 6.Bf1 Bg4 7.h3 Bxf3 8.Qxf3 Nf6
9.c3 e6 10.d3 Be7 11.a3 O-O 12.Nd2 d5 13.Qe2 d4 14.f4 b5 15.g4 dxc3 16.bxc3 Nd4
17.Qd1 b4 18.Bb2 Nb5 19.cxb4 cxb4 20.a4 Nc3 21.Bxc3 bxc3 22.Nf3 Rb8 23.Rb1 Qc7
24.Rxb8 Rxb8 25.Qc1 c2 26.Re2 Rc8 27.Ne1 Ba3  0-1

[Event "WYg16"]
[Site "Halkidiki GRE"]
[Date "2003.10.29"]
[Round "7"]
[White "Bayaraa,Z"]
[Black "Kirillova,V"]
[Result "0-1"]
[WhiteElo "2041"]
[BlackElo "2142"]

1.e4 c5 2.Nf3 Nc6 3.Bb5 d6 4.c3 Bd7 5.O-O a6 6.Ba4 Nf6 7.Re1 g6 8.d4 cxd4
9.cxd4 Bg7 10.Nc3 O-O 11.Bg5 h6 12.Bf4 Nh5 13.Be3 b5 14.Bb3 Na5 15.h3 Nxb3
16.Qxb3 Nf6 17.d5 Rb8 18.Ba7 Rb7 19.Bd4 a5 20.e5 dxe5 21.Nxe5 b4 22.Rad1 Qa8
23.Nxd7 Rxd7 24.Na4 Qxd5 25.Qxd5 Rxd5 26.Nb6 Rdd8 27.Bxf6 exf6 28.b3 f5 29.Nd5 Rfe8
30.Ne7+ Kf8 31.Nc6 Rxe1+ 32.Rxe1 Rd2 33.Nxa5 Bd4 34.Rc1 Bxf2+ 35.Kf1 Rxa2
36.Rc8+ Kg7 37.Nc6 Be3 38.Nxb4 Rf2+ 39.Ke1 Rxg2 40.Nd5 Bg5 41.b4 Rb2 42.Rc4 Bf6
43.Nc7 Rxb4 44.Rxb4 Bc3+ 45.Kf2 Bxb4 46.Ne8+ Kf8 47.Nf6 Bc5+ 48.Kf3 Ke7 49.Ng8+ Ke6
50.Nxh6 Bf8 51.Ng8 f6  0-1

[Event "Open"]
[Site "Bastia FRA"]
[Date "2003.10.30"]
[Round "4"]
[White "Baklan,V"]
[Black "Tregubov,P"]
[Result "1/2-1/2"]
[WhiteElo "2600"]
[BlackElo "2635"]

1.e4 c5 2.Nf3 Nc6 3.Bb5 Nf6 4.e5 Nd5 5.O-O Nc7 6.Bxc6 dxc6 7.h3 g6 8.d3 Bg7
9.Be3 b6 10.Qc1 O-O 11.Bh6 Be6 12.Bxg7 Kxg7 13.Re1 Bd5 14.Nh2 f5 15.exf6+ exf6
16.Ng4 Be6 17.Qh6+ Kg8 18.Nc3 Bxg4 19.hxg4 Qd7 20.Re4  1/2-1/2

[Event "LXVIII ch-ESP Semi-Final"]
[Site "Burgos ESP"]
[Date "2003.10.30"]
[Round "4"]
[White "De la Riva Aguado,O"]
[Black "Illescas Cordoba,M"]
[Result "1-0"]
[WhiteElo "2549"]
[BlackElo "2602"]

1.e4 c5 2.Nf3 Nc6 3.Bb5 g6 4.Bxc6 dxc6 5.d3 Bg7 6.h3 Nf6 7.Nc3 Nd7 8.Be3 e5
9.Qd2 h5 10.a3 Qe7 11.Nh2 Nf8 12.f4 exf4 13.Bxf4 Ne6 14.Be3 Nd4 15.O-O Be6
16.Nf3 O-O 17.e5 Nxf3+ 18.Rxf3 Bd5 19.Nxd5 cxd5 20.d4 cxd4 21.Bxd4 Bxe5 22.Re3 Bxd4
23.Qxd4 Qc7 24.c3 Rfe8 25.Rae1 Rxe3 26.Rxe3 Qb6 27.Qxb6 axb6 28.Re7 Rd8 29.Rxb7 Rd6
30.Kf2 Kg7 31.Ke3 g5 32.Kd4 Kf6 33.a4 Ke6 34.Rb8 h4 35.Re8+ Kf5 36.b4 g4
37.hxg4+ Kf4 38.g5 Kg3 39.Re2 Rc6 40.Ra2 Rc4+ 41.Kd3 Rg4 42.a5 bxa5 43.bxa5 Rxg5
44.a6 Rg8 45.Kd4 f5 46.a7 Ra8 47.Kxd5 f4 48.Kc6 Rxa7 49.Rxa7 Kxg2 50.Rg7+ Kf3
51.Kd5 h3 52.c4 h2 53.Rh7 Kg2 54.Ke4 Kg3 55.Rxh2  1-0

[Event "LXVIII ch-ESP Abierto"]
[Site "Burgos ESP"]
[Date "2003.10.30"]
[Round "7"]
[White "Almagro Llanas,P"]
[Black "Llaneza Vega,M"]
[Result "1-0"]
[WhiteElo "2359"]
[BlackElo "2264"]

1.e4 c5 2.Nf3 Nc6 3.Bb5 d6 4.Bxc6+ bxc6 5.O-O Bg4 6.h3 Bh5 7.d3 e5 8.Nbd2 Be7
9.Nc4 Nf6 10.Ne3 O-O 11.Nf5 Nd7 12.g4 Bg6 13.Nh2 d5 14.Qf3 d4 15.Nxe7+ Qxe7
16.b3 Rab8 17.a4 Rb7 18.Ba3 Qg5 19.Qg3 Qd2 20.Rac1 Re8 21.f4 exf4 22.Rxf4 c4
23.dxc4 Rxe4 24.Rxe4 Bxe4 25.Nf1 Qe2 26.Qf2 d3 27.Qxe2 dxe2 28.Ne3 Ne5 29.Kf2 h5
30.Kxe2 Rd7 31.Bb2 Ng6 32.Rf1 hxg4 33.hxg4 Nh4 34.Rf2 g5 35.Bf6 Ng6 36.Bxg5 c5
37.Bf6 Rd6 38.g5 Kf8 39.Ke1 Nh4 40.Ke2 Ke8 41.Rf4  1-0

[Event "WYg16"]
[Site "Halkidiki GRE"]
[Date "2003.10.30"]
[Round "8"]
[White "Choisy,M"]
[Black "Pambalou,F"]
[Result "0-1"]
[WhiteElo "2110"]
[BlackElo "2034"]

1.e4 c5 2.Nf3 Nc6 3.Bb5 g6 4.O-O Bg7 5.c3 Nf6 6.d4 d5 7.e5 Ne4 8.Ne1 cxd4
9.cxd4 h6 10.f3 Ng5 11.Nc3 Ne6 12.Be3 O-O 13.f4 Nc7 14.Be2 f5 15.exf6 exf6
16.g4 Qe7 17.Bf2 f5 18.gxf5 Bxf5 19.Ng2 Bh3 20.Bf3 Qf7 21.Ne2 g5 22.Be3 g4
23.f5 gxf3 24.Rxf3 Bxf5 25.Ng3 Qd7 26.Qd2 Bg4 27.Rxf8+ Rxf8 28.Nf4 Ne6 29.Nfh5 Nexd4  0-1

[Event "18th Open"]
[Site "Le Touquet FRA"]
[Date "2003.10.30"]
[Round "6"]
[White "Belkhodja,S"]
[Black "Csiszar,C"]
[Result "1-0"]
[WhiteElo "2439"]
[BlackElo "2398"]

1.e4 c5 2.Nf3 Nc6 3.Bb5 e6 4.Bxc6 bxc6 5.d3 Qc7 6.O-O d5 7.c4 Ne7 8.Nc3 d4
9.Na4 Ng6 10.b3 Bd6 11.Ba3 Qe7 12.e5 Nxe5 13.Nxe5 Bxe5 14.Bxc5 Bd6 15.Qh5 g6
16.Bxd6 Qxd6 17.Qg5 O-O 18.f4 f5 19.Rae1 Kg7 20.Re5 h6 21.Qg3 Rf6 22.Rfe1 Kf7
23.h4 Rb8 24.Nc5 Bd7 25.Qf2 Rg8 26.Qd2 Bc8 27.R1e2 Qe7 28.b4 Qd6 29.a3 Qc7
30.Kf1 Qd6 31.Ke1 Qc7 32.Kd1 Rd8 33.Kc2 Rg8 34.Kb3 Rd8 35.g3 Rg8 36.Qe1 Re8
37.Qg1 Qd8 38.g4 fxg4 39.Qxg4 Rf5 40.h5 Rf6 41.Ne4 gxh5 42.Qxh5+ Rg6 43.f5 exf5
44.Rxf5+  1-0

[Event "Autumn"]
[Site "Venice ITA"]
[Date "2003.10.30"]
[Round "1"]
[White "Kasparov,S"]
[Black "Pechy,A"]
[Result "1-0"]
[WhiteElo "2482"]
[BlackElo "2104"]

1.e4 c5 2.Nf3 Nc6 3.Bb5 g6 4.Bxc6 dxc6 5.d3 Bg7 6.h3 Nf6 7.Nc3 Qc7 8.Be3 b6
9.Qd2 Nd7 10.Bh6 O-O 11.O-O-O Rd8 12.Bxg7 Kxg7 13.h4 h5 14.Kb1 Nf8 15.Qe3 e5
16.Rdg1 Ne6 17.Ne2 Nd4 18.Nfxd4 cxd4 19.Qd2 c5 20.f3 Be6 21.g4 hxg4 22.h5 Rh8
23.fxg4 Qe7 24.Ng3 Bxg4 25.Nf5+ Bxf5 26.exf5 Qf6 27.fxg6 fxg6 28.Qg2 Raf8
29.b3 g5 30.Qxg5+ Kh7 31.Qg2 Rhg8 32.Qd5 Rxg1+ 33.Rxg1 Rf7 34.Rg6 Qf5 35.Kb2 Rg7
36.Re6 Qxh5 37.Rxe5 Qg4 38.Rh5+ Kg6 39.Rh2 Qd7 40.Qh5+ Kf6 41.Rf2+ Ke6 42.Qh6+ Kd5
43.Qf6  1-0

[Event "LXVIII ch-ESP Abierto"]
[Site "Burgos ESP"]
[Date "2003.10.31"]
[Round "8"]
[White "Pascual Paredes,J"]
[Black "Rodriguez Vinuesa,A"]
[Result "1-0"]
[WhiteElo "2252"]
[BlackElo "2107"]

1.e4 c5 2.Nf3 Nc6 3.Bb5 g6 4.O-O Bg7 5.Re1 Nf6 6.e5 Nd5 7.Nc3 Nc7 8.Bxc6 dxc6
9.Ne4 Ne6 10.d3 O-O 11.Be3 b6 12.Qd2 Nd4 13.Nxd4 cxd4 14.Bh6 f5 15.exf6 exf6
16.Re2 Bb7 17.Rae1 c5 18.Bxg7 Kxg7 19.Qf4 Bxe4 20.Qxe4 Qd7 21.Qxa8  1-0

[Event "WYg18"]
[Site "Halkidiki GRE"]
[Date "2003.10.31"]
[Round "9"]
[White "Gerasimovitch,O"]
[Black "Raeva,E"]
[Result "0-1"]
[WhiteElo "2264"]
[BlackElo "2174"]

1.e4 c5 2.Nf3 Nc6 3.Bb5 g6 4.O-O Bg7 5.c3 Nf6 6.Re1 O-O 7.d4 cxd4 8.cxd4 d5
9.e5 Ne8 10.Bxc6 bxc6 11.Qc2 Bd7 12.Nc3 Nc7 13.Na4 Ne6 14.Nc5 Nxc5 15.Qxc5 Re8
16.Bg5 h6 17.Be3 Qb6 18.Qc3 Rab8 19.b3 Qb4 20.Rac1 Qxc3 21.Rxc3 Rb6 22.Rec1 Ra6
23.a4 Rb8 24.Nd2 Bf8 25.h3 e6 26.Nf3 Rab6 27.Rb1 Rb4 28.Ne1 Rxa4 29.Nd3 Ra3
30.Bc1 Ra5 31.b4 Ra2 32.Rcb3 Kg7 33.Ba3 Bc8 34.Nc5 Bxc5 35.bxc5 Rxb3 36.Rxb3 Ba6
37.Rc3 Rd2 38.Bc1 Rxd4 39.Be3 Rd1+ 40.Kh2 d4 41.Ra3 dxe3 42.fxe3 Bc4 43.Rxa7 Rd2
44.e4 Re2 45.Rc7 Bb5  0-1

[Event "WYb14"]
[Site "Halkidiki GRE"]
[Date "2003.11.01"]
[Round "10"]
[White "Howell,D"]
[Black "Diamant,A"]
[Result "0-1"]
[WhiteElo "2381"]
[BlackElo "2149"]

1.e4 c5 2.Nf3 Nc6 3.Bb5 g6 4.Bxc6 bxc6 5.O-O Bg7 6.Re1 Nh6 7.c3 O-O 8.d4 cxd4
9.cxd4 f6 10.h3 Nf7 11.Nc3 d6 12.b3 Bd7 13.Bb2 Qb6 14.Rc1 Rad8 15.Rc2 Qb7
16.Qe2 Kh8 17.Rd1 Rfe8 18.Ba3 Qb8 19.d5 c5 20.Bc1 Qb7 21.Bf4 h6 22.Bg3 f5
23.Nh4 Kh7 24.Qd3 e6 25.dxe6 fxe4 26.Nxe4 Rxe6 27.Nc3 Rde8 28.Nd5 Bb5 29.Qf3 Bc6
30.Rcd2 Ng5 31.Qd3 Ne4 32.Nf4 Rf6 33.Nhxg6 Nxd2 34.Qxd2 Qf7 35.Nh4 Kg8 36.Nd5 Bxd5
37.Qxd5 Re1+ 38.Kh2 Qxd5 39.Rxd5 Re2 40.Nf5 Bf8 41.Nxd6 Bxd6 42.Rxd6 Rxd6
43.Bxd6 Rxf2 44.Bxc5 Rxa2 45.b4 a6 46.Kg3 h5 47.Kf3 Kf7 48.g3 Rh2 49.h4 Rc2
50.Bd6 Ke6 51.Bf8 Kf5 52.Bd6 Rd2 53.Bc7 Rd4 54.Ba5 Rd3+ 55.Kf2 Rb3 56.Ke2 Rxg3
57.Kd2 Rg4  0-1

[Event "WYb14"]
[Site "Halkidiki GRE"]
[Date "2003.11.01"]
[Round "10"]
[White "Andriasian,Z"]
[Black "Banusz,T"]
[Result "1-0"]
[WhiteElo "2311"]
[BlackElo "2361"]

1.e4 c5 2.Nf3 Nc6 3.Bb5 g6 4.Bxc6 dxc6 5.O-O Bg7 6.Nc3 Nf6 7.d3 O-O 8.h3 Re8
9.Be3 b6 10.Qd2 e5 11.Bh6 Nd7 12.Bxg7 Kxg7 13.Nh2 Qe7 14.f4 exf4 15.Rxf4 Ne5
16.Raf1 Be6 17.Nf3 Nxf3+ 18.R4xf3 Rad8 19.Ne2 Kg8 20.Qc3 c4 21.Nf4 Qc5+ 22.Kh1 cxd3
23.cxd3 Bxa2 24.Ra1 Qxc3 25.bxc3 Be6 26.Rxa7 Ra8 27.Rb7 Rab8 28.Rc7 Rbc8
29.Nxe6 fxe6 30.Rb7 Rb8 31.Rff7 Rxb7 32.Rxb7 Rd8 33.Rxb6 c5 34.Rc6 Rxd3 35.Rxc5 Re3
36.Rc4 Kf7 37.Kg1 Kf6 38.Kf2 Rd3 39.Rc5 h5 40.h4 Rd1 41.Ke2 Rg1 42.Rg5 Rh1
43.e5+ Kf7 44.g3 Ra1 45.Kd3 Ra8 46.c4 Rd8+ 47.Kc3 Rc8 48.g4 hxg4 49.Rxg4 Rc5
50.Kd4 Rc8 51.c5 Rd8+ 52.Kc4 Rd5 53.Rg5 Ke7 54.Kb5 Rd4 55.Rxg6 Rxh4 56.c6 Rh1
57.Rg7+ Kd8 58.c7+ Kc8 59.Kc6 Rc1+ 60.Kd6 Rc6+ 61.Ke7 Rxc7+ 62.Kf6 Rc6 63.Re7 Rc1
64.Kxe6 Kd8 65.Ra7 Rh1 66.Ra8+ Kc7 67.Rf8 Rh5 68.Kf6 Rh6+ 69.Ke7 Rh7+ 70.Rf7 Rh8
71.e6 Kc6 72.Rf1 Rh7+ 73.Kf6 Rh6+ 74.Kf7 Rh7+ 75.Kg6 Rh2 76.Rd1 Kc7 77.e7 Rg2+
78.Kf7 Rf2+ 79.Ke8  1-0

[Event "3rd Rohde Open"]
[Site "Sautron FRA"]
[Date "2003.11.01"]
[Round "8"]
[White "Gouanelle,F"]
[Black "Andonov,B"]
[Result "0-1"]
[WhiteElo "2094"]
[BlackElo "2310"]

1.e4 c5 2.Nf3 Nc6 3.Bb5 e5 4.Bxc6 dxc6 5.h3 Bd6 6.d3 Ne7 7.Be3 Ng6 8.Qd2 Nf8
9.Qc3 Qe7 10.Nbd2 f6 11.Nc4 Bc7 12.Nfd2 b5 13.Na5 b4 14.Qb3 Bxa5 15.Qa4 Bb6
16.Qxc6+ Kf7 17.Nc4 Bb7 18.Nd6+ Qxd6 19.Qxd6 Rd8 20.Qxd8 Bxd8 21.Bxc5 a5
22.a3 bxa3 23.Rxa3 Ne6 24.Be3 Be7 25.Ra2 Rc8 26.Kd2 Ra8 27.Ke2 Nd4+ 28.Bxd4 exd4
29.Rha1 Rc8 30.b3 Bb4 31.f3 Bc3 32.Rg1 Bc6 33.g4 Ke6 34.f4 Rg8 35.Kf3 g6
36.Kf2 Kd6 37.Rg3 Bd7 38.Rg1 Ra8 39.Rb1 Bc6 40.Kg3 Rh8 41.Rf1 f5 42.e5+ Ke6
43.g5 h6 44.h4 hxg5 45.hxg5 Kd5 46.Rd1 Kc5 47.Rf1 Ra8 48.Rb1 Ra7 49.Kf2 Rb7
50.Kg3 Rh7 51.Rd1 Kb4 52.Rf1 Ra7 53.Rb1 Kc5 54.Rd1 a4 55.Rb1 a3 56.Kf2 Kb4
57.Kg3 Rh7 58.Rf1 Rh1 59.Rxh1 Bxh1  0-1